| 000 | 00613nam a22001697a 4500 | ||
|---|---|---|---|
| 082 | _a005 | ||
| 100 | _aLaghari, Faisal ; Mujtaba, Hassan ; Khan, Hassan ; Nazir, Asama | ||
| 245 |
_aPublic Sector Engineering Economy / _cFaisal Laghari ; Hassan Mujtaba ; Hassan Khan ; Asama Nazir |
||
| 260 |
_aIslamabad : _bSEECS - NUST, _c2008. |
||
| 300 |
_a41 p. ; _c30cm. |
||
| 563 | _aa | ||
| 650 | _aComputer Science-Project Report | ||
| 700 |
_aMr. Muhammad Yousaf _931155 |
||
| 856 | _uhttp://10.250.8.41:8080/xmlui/handle/123456789/28866 | ||
| 942 |
_2ddc _cPR |
||
| 999 |
_c536322 _d536322 |
||